Statistics for Characters of Miranda

Click here to take the quiz!

General Stats

  • This quiz has been taken 219 times
  • The average score is 11 of 15

Answer Stats

HintAnswer% Correct
Her love interestGary
98%
Main characterMiranda
98%
Her motherPenny
96%
Her best friendStevie
96%
Boarding school buddyTilly
93%
Restaurant ownerClive
90%
Friend from Hong KongTamara
78%
Hot American chefDanny
76%
TV reporterMichael
76%
Hotel busboyJason
61%
Curly-haired love rivalRose
61%
Mother's best friendBelinda
55%
Funnily named colleagueSue Perb
50%
Annoying, air-headed coupleChris and Alison
48%
VegetapalGordon
29%

Score Distribution

Percentile by Number Answered

Percent of People with Each Score

Your Score History

You have not taken this quiz